000 00321 a2200109 4500
001 ART_46227
005 20260410162006.0
008 260409a
245 1 0 _aInterrupción voluntaria del embarazo
100 1 _aFlah, Lily R.
773 0 _tTemas de derecho civil
_g- Año 4, N° 4 (abr. 2018)
_wREV34778
999 _c31728
_d31728